000 00387nam a22000977a 4500
100 _aसिंह,एम. के.
_979511
245 _aभारत के महान स्‍वाधीतन सेनानी संत
260 _aदिल्‍ली
_bआयुष्‍मान प्रकाशन
_c2016
650 _aचिल्‍ड्रन बुक
_9159
942 _cHIN
999 _c63142
_d63142